01193nam a22003017a 4500003000400000005001700004008004100021040002200062082001800084100002500102245003000127260006000157300002100217366000800238490002900246505001200275505005500287505016000342505001200502650005500514650004700569650004800616650004300664650004500707650005600752650004700808700003600855OSt20230616144158.0221006b |||||||| |||| 00| 0 eng d cBiblioteca Lado V a709.05bG851a aGriffin, Timeeditor aArtforum/bInternacional/ aNew Yorkc2011bNew York editorial and business offices c26.5x27cma256p. espa aFebrerov2011x0864-1315 tLetters tCOLUMNSaFilm Media Slant Books Music Top Ten tFEATURESgJoint Ventures Group Think Corps Concept Somenthing for Everyone Statements Artist Project Dark Energy Close-up Coming of age Openings  tReviews 2Tesauro de Arte & ArquitecturaaARTE COMTEMPORANEO 2Tesauro de Arte & ArquitecturaaFOTOGRAFIA 2Tesauro de Arte & ArquitecturaaARTE VISUAL 2Tesauro de Arte & ArquitecturaaLIBROS 2Tesauro de Arte & ArquitecturaaNOTICIAS 2 Tesauro de Arte & ArquitecturaaARTE INTERNACIONAL 2 Tesauro de Arte & ArquitecturaaESCULTURA aNavarreta, Jose Antonioeeditor